| 000 | 00513nam a2200181Ia 4500 | ||
|---|---|---|---|
| 003 | OSt | ||
| 005 | 20250808121200.0 | ||
| 008 | 210210b1958 xxu||||| |||| 00| 0 eng d | ||
| 040 | _cAL | ||
| 041 | _aKannada | ||
| 082 | _a856/167 | ||
| 100 |
_aGAURISHA KAYKINI ಗೌರೀಶ ಕಾಯ್ಕಿಣಿ _9159784 |
||
| 245 |
_aVicharavada _bವಿಚಾರವಾದ |
||
| 260 |
_aDharavada _bKarnataka Vishvavidyanilalya _c1958 |
||
| 690 |
_aKannada Miscellaneous _9159785 |
||
| 906 | _a020407 | ||
| 942 |
_2ddc _cBK |
||
| 999 |
_c144556 _d144556 |
||